00790nam a2200169Ia 4500008004100000020001800041050001900059100002700078245010600105250001100211260013800222300003000360440004900390650006800439952009600507999001700603121101s9999 xx 000 0 und d a968-7734-16-7 aGE70 Z37 2004 aZárate, José Luis. aVentana 654 : ¿cuánto falta para el futuro? / José Luis Zárate; ilustraciones Leticia Barradas a1a ed. aMéxico : Sociedad Mexicana para la Divulgación de la Ciencia y la Técnica : Secretaría de Medio Ambiente y Recursos Naturales a125 p. : il. byn ; 21 cm. aColección básica del medio ambiente ; 12 a 1. Medio ambiente y adolescentes 2. Educación ambientalÌ 00104070a12b12d2009-08-19l0oGE70 Z37 2004p12 001690r2015-04-22t1w2012-11-01yLB c88593d88593